Digital Libraries: Digital Library and Archive (Record no. 298406)
[ view plain ]
| 000 -LEADER | |
|---|---|
| fixed length control field | 00320 a2200121 4500 |
| 001 - CONTROL NUMBER | |
| control field | 63333 |
| 082 ## - DEWEY DECIMAL CLASSIFICATION NUMBER | |
| Classification number | 025.0028522LAK |
| 090 ## - LOCALLY ASSIGNED LC-TYPE CALL NUMBER (OCLC); LOCAL CALL NUMBER (RLIN) | |
| -- | 37376 |
| -- | 37376 |
| 100 ## - MAIN ENTRY--PERSONAL NAME | |
| Personal name | Lakshmi,V |
| 245 ## - TITLE STATEMENT | |
| Title | Digital Libraries: Digital Library and Archive |
| Number of part/section of a work | 3 vol.s set |
| 260 ## - PUBLICATION, DISTRIBUTION, ETC. | |
| Place of publication, distribution, etc. | Delhi |
| Name of publisher, distributor, etc. | isha book |
| Date of publication, distribution, etc. | 2004 |
| 300 ## - PHYSICAL DESCRIPTION | |
| Extent | i,310p.;3 vol set |
| 942 ## - ADDED ENTRY ELEMENTS (KOHA) | |
| Institution code [OBSOLETE] | NUST-CAE |
| Call number prefix | 025.0028522LAK |
| Withdrawn status | Lost status | Damaged status | Not for loan | Collection code | Permanent Location | Current Location | Date acquired | Total Checkouts | Full call number | Barcode | Date last seen | Price effective from | Koha item type |
|---|---|---|---|---|---|---|---|---|---|---|---|---|---|
| College of Aeronautical Engineering (CAE) | College of Aeronautical Engineering (CAE) | 04/03/2017 | 025.0028522LAK | CAEN-3300 | 04/05/2017 | 04/05/2017 | Book |
